[Event "Hannover Ihme Cup"]
[Site "Hannover"]
[Date "2014.05.11"]
[Round "5"]
[White "Schoenfeld, Dietmar"]
[Black "Schoettker, Tim"]
[Result "1-0"]
[WhiteElo "1978"]
[BlackElo "1280"]
[PlyCount "45"]
[EventDate "2014.05.09"]
[EventType "swiss"]
[EventRounds "5"]
[EventCountry "GER"]
[SourceTitle "EXT 2021"]
[Source "ChessBase"]
[SourceDate "2020.10.23"]
[SourceVersion "1"]
[SourceVersionDate "2020.10.23"]
[SourceQuality "1"]

1. c4 Nf6 2. Nc3 g6 3. d4 Bg7 4. Nf3 d6 5. e4 0-0 6. Be2 e5 7. 0-0 Nc6 8. d5 Ne7 9. b4 c6 10. dxc6 bxc6 11. Qd2 Be6 12. Rd1 Ne8 13. Ba3 f5 14. b5 c5 15. Bxc5 fxe4 16. Nxe4 Rf4 17. Nxd6 Nxd6 18. Bxd6 Bxc4 19. Bxc4+ Rxc4 20. Bxe7 Qxe7 21. Qd5+ Kf8 22. Qxa8+ Kf7 23. Qd5+ 1-0

[Event "Braunschweig Oker Cup"]
[Site "Braunschweig"]
[Date "2011.12.04"]
[Round "5"]
[White "Poelig, Juergen"]
[Black "Schoettker, Tim"]
[Result "1-0"]
[WhiteElo "1936"]
[BlackElo "869"]
[PlyCount "59"]
[EventDate "2011.12.02"]
[EventType "swiss"]
[EventRounds "5"]
[EventCountry "GER"]
[SourceTitle "EXT 2013"]
[Source "ChessBase"]
[SourceDate "2012.11.22"]
[SourceVersion "1"]
[SourceVersionDate "2012.11.22"]
[SourceQuality "1"]

1. Nf3 Nf6 2. g3 d5 3. Bg2 Nbd7 4. d3 e5 5. Nbd2 Bd6 6. e4 c6 7. 0-0 0-0 8. Qe1 Re8 9. Nh4 Qb6 10. Kh1 Nc5 11. f4 exf4 12. gxf4 dxe4 13. dxe4 Ng4 14. Nc4 Qc7 15. h3 Nh6 16. Nxd6 Qxd6 17. b4 Nxe4 18. Bxe4 Qd4 19. Bxh7+ Kxh7 20. Qxe8 Qxa1 21. f5 Bxf5 22. Qxa8 Be4+ 23. Ng2 Nf5 24. Kh2 Bxc2 25. Qxa7 Qc3 26. Qf2 Bd3 27. Rd1 Qe5+ 28. Bf4 Qd5 29. Qd2 Qf3 30. Qxd3 1-0